Scandinavia (Record no. 77878)

MARC details
000 -LEADER
fixed length control field 00861cab a2200205 4500
001 - CONTROL NUMBER
control field ##L135372
008 - FIXED-LENGTH DATA ELEMENTS--GENERAL INFORMATION
fixed length control field 061020n2006 000 0 eng u
035 ## - SYSTEM CONTROL NUMBER
System control number (Sirsi) u135372
041 ## - LANGUAGE CODE
Language code of text/sound track or separate title eng
100 1# - MAIN ENTRY--PERSONAL NAME
Personal name Hipwell, Deirdre
245 00 - TITLE STATEMENT
Title Scandinavia
260 3# - PUBLICATION, DISTRIBUTION, ETC.
Date of publication, distribution, etc. 2006
490 #0 - SERIES STATEMENT
Series statement Property Week
Volume/sequential designation 71(41) 13 October 2006, 75-81(5)
520 ## - SUMMARY, ETC.
Summary, etc. Focuses on the retail and investment markets in Scandinavia. Looks at Diligentia; one of Stockholm's premier shopping centres which has been put on the market with an estimated price tag of more than £254 million. Considers the Nordic countries which offer solid returns for investors that are willing to acquire a little local knowledge.
590 ## - LOCAL NOTE (RLIN)
Local note IKA311006
651 #4 - SUBJECT ADDED ENTRY--GEOGRAPHIC NAME
Geographic name SCANDINAVIA
690 ## - LOCAL SUBJECT ADDED ENTRY--TOPICAL TERM (OCLC, RLIN)
Topical term or geographic name as entry element PROPERTY-COMMERCIAL PROPERTY-COMMERCIAL PROPERTY MARKET
700 1# - ADDED ENTRY--PERSONAL NAME
Personal name McAllister, Sean
942 ## - ADDED ENTRY ELEMENTS (KOHA)
Suppress in OPAC 0
Holdings
Withdrawn status Lost status Source of classification or shelving scheme Damaged status Not for loan Home library Current library Shelving location Date acquired Total Checkouts Full call number Barcode Date last seen Copy number Price effective from Koha item type
    Dewey Decimal Classification     London London Journal article 20/10/2006   L135372 135372-1001 06/08/2019 1 06/08/2019 Journal article